The Two Koreas /

Mapa que ubica los principales lugares y accidentes geográficos de ambas Coreas y aporta datos sobre su población, su economía y la guerra que en la década de los 50 dividió al país en las dos naciones actuales.

-д хадгалсан:
Номзүйн дэлгэрэнгүй
Үндсэн зохиолч: Carroll, Allen (ed.)
Бусад зохиолчид: Allen, William L. (edición) (edición)
Формат: Газрын зураг
Хэвлэсэн: Washington, EUA : National Geographic Society, 2003, c2003
Нөхцлүүд:
Шошгууд: Шошго нэмэх
Шошго байхгүй, Энэхүү баримтыг шошголох эхний хүн болох!

MARC

LEADER 00000nem^a2200000^a^4500
001 000156671
005 20250521000000.0
009 20260310100511.59
037 |a Acervo ITESO - Biblioteca 
041 |a GRA 
082 |a 320. 951900223  |b CAR 
100 |a Carroll, Allen  |e (ed.) 
245 1 4 |a The Two Koreas /  |c Ed. de A. Carroll, W.L. Allen. 
255 |c (E125º-E131º/N43º-N33º) 
255 |a Escala 1 : 1 560 000 
264 4 |a Washington, EUA :  |b National Geographic Society,  |c 2003, c2003 
300 |a 1 mapa 
336 |a imagen cartográfica estática  |b cri  |2 rdacontenido 
337 |a sin mediación  |b n  |2 rdamedio 
338 |a mapa  |b nz  |2 rdasoporte 
520 |a Mapa que ubica los principales lugares y accidentes geográficos de ambas Coreas y aporta datos sobre su población, su economía y la guerra que en la década de los 50 dividió al país en las dos naciones actuales. 
546 |a Edición gráfica con texto en inglés 
649 |a XX 
650 |a Población -  |z Corea del Norte -  |x Mapas 
650 |a Población -  |z Corea del Sur -  |x Mapas 
650 |a Economía -  |z Corea del Norte -  |x Mapas 
650 |a Economía -  |z Corea del Sur -  |x Mapas 
650 |a Armamentismo -  |z Corea del Norte -  |x Mapas 
650 |a Armamentismo -  |z Corea del Sur -  |x Mapas 
650 |a Guerra de Corea, 1950-1953 -  |x Mapas 
650 |a Guerra y Paz -  |z Corea del Norte -  |x Mapas 
650 |a Guerra y Paz -  |z Corea del Sur -  |x Mapas 
650 |a Relaciones Internacionales -  |z Corea del Norte-Corea del Sur -  |x Mapas 
650 |a Política -  |z Corea del Norte -  |x Mapas 
650 |a Política -  |z Corea del Sur -  |x Mapas 
650 |a Corea del Norte -  |x Mapas 
650 |a Corea del Sur -  |x Mapas 
650 |a Asia -  |x Mapas 
650 |a Cartografía -  |z Asia 
650 |a Geografía -  |z Asia 
740 4 |a The Forgotten War :  |b Three Long Years in Korea /  |c Ed. de A. Carroll, W.L. Allen. 
700 |a Allen, William L.  |e (edición) 
910 |a Fondo General 
920 |a Gráficos - Mapas 
905 |a 503 
901 |a 0500084013  |b IT2  |c MAP  |u 20250521 
902 |a https://opac.biblio.iteso.mx/vufind/Record/000156671